The survival of the small firm / (Record no. 26739)
[ view plain ]
| 000 -LEADER | |
|---|---|
| fixed length control field | 00954cam a22002775a 4500 |
| 001 - CONTROL NUMBER | |
| control field | 971135 |
| 005 - DATE AND TIME OF LATEST TRANSACTION | |
| control field | 20201124141915.0 |
| 008 - FIXED-LENGTH DATA ELEMENTS--GENERAL INFORMATION | |
| fixed length control field | 851017t1986 enka frb 000 0 eng d |
| 020 ## - INTERNATIONAL STANDARD BOOK NUMBER | |
| International Standard Book Number | 0566007266 (v. 2) |
| 020 ## - INTERNATIONAL STANDARD BOOK NUMBER | |
| International Standard Book Number | 9780566007262 (v. 2) |
| 040 ## - CATALOGING SOURCE | |
| Original cataloging agency | DLC |
| Transcribing agency | DLC |
| Modifying agency | DLC |
| -- | OCoLC |
| -- | DLC |
| -- | EG-ScBUE |
| Language of cataloging | eng |
| 082 04 - DEWEY DECIMAL CLASSIFICATION NUMBER | |
| Classification number | 338.642 |
| Edition number | 22 |
| Item number | SUR |
| 245 04 - TITLE STATEMENT | |
| Title | The survival of the small firm / |
| Statement of responsibility, etc | edited by James Curran, John Stanworth, David Watkins. |
| 260 ## - PUBLICATION, DISTRIBUTION, ETC. (IMPRINT) | |
| Place of publication, distribution, etc | Aldershot ; |
| -- | Brookfield : |
| Name of publisher, distributor, etc | Gower, |
| Date of publication, distribution, etc | c.1986. |
| 300 ## - PHYSICAL DESCRIPTION | |
| Extent | v. 2 : |
| Other physical details | ill. ; |
| Dimensions | 23 cm. |
| 504 ## - BIBLIOGRAPHY, ETC. NOTE | |
| Bibliography, etc | Includes bibliographical references. |
| 505 1# - FORMATTED CONTENTS NOTE | |
| Formatted contents note | v. 2. Employment, growth, technology, and politics. |
| 650 #7 - SUBJECT ADDED ENTRY--TOPICAL TERM | |
| Topical term or geographic name as entry element | Self-employed. |
| Source of heading or term | BUEsh |
| 650 #7 - SUBJECT ADDED ENTRY--TOPICAL TERM | |
| Topical term or geographic name as entry element | Small business |
| General subdivision | Employees. |
| Source of heading or term | BUEsh |
| 651 ## - SUBJECT ADDED ENTRY--GEOGRAPHIC NAME | |
| Source of heading or term | BUEsh |
| 653 ## - INDEX TERM--UNCONTROLLED | |
| Resource For college | BAEPS, Business Administration |
| Arrived date list | May2018 |
| 700 1# - ADDED ENTRY--PERSONAL NAME | |
| Personal name | Curran, James, |
| Dates associated with a name | 1936- |
| Relator term | editor. |
| 9 (RLIN) | 37828 |
| 700 1# - ADDED ENTRY--PERSONAL NAME | |
| Personal name | Stanworth, John, |
| Relator term | editor. |
| 9 (RLIN) | 35011 |
| 700 1# - ADDED ENTRY--PERSONAL NAME | |
| Personal name | Watkins, David, |
| Dates associated with a name | 1947- |
| Relator term | editor. |
| 942 ## - ADDED ENTRY ELEMENTS (KOHA) | |
| Source of classification or shelving scheme | Dewey Decimal Classification |
| Withdrawn status | Item status | Source of classification or shelving scheme | Damaged status | Not for loan | Home library | Current library | Shelving location | Date acquired | Total Checkouts | Full call number | Barcode | Date last seen | Koha item type |
|---|---|---|---|---|---|---|---|---|---|---|---|---|---|
| Dewey Decimal Classification | Central Library | Central Library | First floor | 17/05/2018 | 338.642 SUR | 000047787 | 15/07/2025 | Book - Borrowing |